000 00272nam a2200109Ia 4500
008 200302s9999 xx 000 0 und d
100 _aShri K. Anantharama Rao ed.,
245 _aVision 21st Century
260 _bVidya publishing House
260 _c2000
300 _a631 P.,
999 _c1393
_d1393